[Event "Nordhausen op 9th"]
[Site "Nordhausen"]
[Date "2009.08.01"]
[Round "6"]
[White "Welz, Peter"]
[Black "Feigel, Andreas"]
[Result "1-0"]
[WhiteElo "2101"]
[BlackElo "1999"]
[PlyCount "95"]
[EventDate "2009.07.30"]
[EventType "swiss"]
[EventRounds "7"]
[EventCountry "GER"]
[SourceTitle "CBM 131 Extra"]
[Source "ChessBase"]
[SourceDate "2009.09.03"]
[SourceVersion "2"]
[SourceVersionDate "2009.09.16"]
[SourceQuality "1"]

1. e4 d5 2. e5 c5 3. c3 Nc6 4. d4 cxd4 5. cxd4 Qb6 6. Nc3 Qxd4 7. Be3 Qxe5 8. Nf3 Qd6 9. Qxd5 e6 10. Qxd6 Bxd6 11. 0-0-0 Bb8 12. Bb5 Bd7 13. Rd2 Bc7 14. Rhd1 Nf6 15. Kb1 a6 16. Bg5 0-0-0 17. Ba4 Nb8 18. Bxf6 gxf6 19. Bc2 f5 20. Ng5 Be8 21. g3 Rxd2 22. Rxd2 Bd8 23. Nf3 Bf6 24. Na4 Kc7 25. Bb3 b6 26. Rc2+ Kb7 27. Rc1 Bc6 28. Nd2 h5 29. Nc4 Bxa4 30. Nd6+ Ka8 31. Bxa4 Be7 32. Nxf7 Rf8 33. Bb3 Bc5 34. Bxe6 a5 35. f4 Ka7 36. Ne5 Rf6 37. Bb3 Rd6 38. Rd1 Rf6 39. Rd8 Na6 40. Bf7 Rh6 41. Bg6 h4 42. Bxf5 hxg3 43. Rd7+ Kb8 44. hxg3 Rh1+ 45. Kc2 Nb4+ 46. Kb3 Rg1 47. a3 Rxg3+ 48. Kc4 1-0

[Event "Nordhausen op 9th"]
[Site "Nordhausen"]
[Date "2009.07.31"]
[Round "4"]
[White "Feigel, Andreas"]
[Black "Handke, Gunther"]
[Result "1-0"]
[WhiteElo "1976"]
[BlackElo "2194"]
[PlyCount "85"]
[EventDate "2009.07.30"]
[EventType "swiss"]
[EventRounds "7"]
[EventCountry "GER"]
[SourceTitle "CBM 131 Extra"]
[Source "ChessBase"]
[SourceDate "2009.09.03"]
[SourceVersion "2"]
[SourceVersionDate "2009.09.16"]
[SourceQuality "1"]

1. Nf3 d5 2. b3 Nf6 3. Bb2 Bg4 4. e3 e6 5. Be2 c6 6. 0-0 Nbd7 7. d4 Bd6 8. Nbd2 0-0 9. Ne5 Bxe2 10. Qxe2 Qc7 11. f4 Ne4 12. Nxe4 dxe4 13. Nxd7 Qxd7 14. c4 Rfd8 15. g4 f5 16. Rf2 Be7 17. Rg2 Bf6 18. Kh1 Qe8 19. Rag1 g6 20. gxf5 exf5 21. Qh5 Qd7 22. Rxg6+ hxg6 23. Qxg6+ Bg7 24. d5 Qf7 25. Qh6 Rd7 26. Bxg7 Qxg7 27. Rxg7+ Rxg7 28. Qe6+ Kh8 29. d6 c5 30. Qxf5 Rd8 31. Qxc5 b6 32. Qe5 Kg8 33. b4 a5 34. a3 axb4 35. axb4 Rgd7 36. c5 bxc5 37. bxc5 Rb8 38. Qe6+ Rf7 39. d7 Rb1+ 40. Kg2 Rd1 41. c6 Kh8 42. Qh6+ Kg8 43. c7 1-0

[Event "Muehlhaeusen op"]
[Site "Muehlhausen"]
[Date "2007.05.19"]
[Round "5.15"]
[White "Feigel, Andreas"]
[Black "Gitter, Lucas"]
[Result "1-0"]
[WhiteElo "1969"]
[BlackElo "1398"]
[PlyCount "163"]
[EventDate "2007.05.16"]
[EventType "swiss"]
[EventRounds "7"]
[EventCountry "GER"]
[SourceTitle "CBM 118 Extra"]
[Source "ChessBase"]
[SourceDate "2007.07.04"]
[SourceVersion "1"]
[SourceVersionDate "2007.07.04"]
[SourceQuality "1"]

1. Nf3 Nc6 2. d4 d5 3. c4 e6 4. c5 e5 5. Nc3 exd4 6. Nxd4 Bxc5 7. Nxc6 bxc6 8. e3 Nf6 9. a3 0-0 10. Bd3 Re8 11. 0-0 Bg4 12. Qc2 Qd6 13. b4 Bb6 14. Bb2 h6 15. Rac1 Bd7 16. h3 a5 17. bxa5 Rxa5 18. Nb1 c5 19. Bc3 Raa8 20. Qb2 c4 21. Be2 Rab8 22. Qc2 Ne4 23. Rfd1 Qc6 24. Nd2 Bf5 25. Nxe4 Qg6 26. Bf1 Rxe4 27. Qe2 Bxh3 28. Rxd5 Bg4 29. Qd2 Rbe8 30. Rd8 Rxd8 31. Qxd8+ Kh7 32. Qd2 Qg5 33. Re1 f5 34. g3 Bf3 35. Bg2 Bxg2 36. Kxg2 Qe7 37. Qd5 Qe6 38. Rd1 Kg6 39. Qxe6+ Rxe6 40. Rd7 Kh5 41. Rxg7 Rd6 42. Kh3 Rd3 43. Bd2 Rd6 44. f3 Rg6 45. Rf7 c3 46. Bxc3 Bxe3 47. Rxf5+ Rg5 48. g4+ Kg6 49. Rf6+ Kh7 50. Rf7+ Kg8 51. Rxc7 Rd5 52. Bb4 Rd3 53. Rc3 Rxc3 54. Bxc3 Kf7 55. Kg3 Kg6 56. f4 Bb6 57. Be5 Ba5 58. Bd6 Be1+ 59. Kf3 Ba5 60. Ke4 h5 61. gxh5+ Kxh5 62. Kd5 Kg6 63. a4 Kf7 64. Kc6 Ke6 65. Be5 Ke7 66. Kb5 Bd2 67. Kc6 Kd8 68. Kb7 Kd7 69. Bc7 Ke6 70. a5 Kf5 71. a6 Be3 72. Bb6 Bxf4 73. a7 Ke6 74. a8Q Kf7 75. Qa4 Be5 76. Qc6 Ke7 77. Kc8 Kf7 78. Bc5 Kg7 79. Qe6 Bf6 80. Be3 Bc3 81. Kd7 Bb4 82. Qg4+ 1-0

[Event "Muehlhausen op"]
[Site "Muehlhausen"]
[Date "2005.05.04"]
[Round "1"]
[White "Pfrommer, Christoph"]
[Black "Feigel, Andreas"]
[Result "1-0"]
[WhiteElo "2252"]
[BlackElo "1871"]
[PlyCount "139"]
[EventDate "2005.05.04"]
[EventType "swiss"]
[EventRounds "7"]
[EventCountry "GER"]
[SourceTitle "EXT 2006"]
[Source "ChessBase"]
[SourceDate "2005.11.24"]
[SourceVersion "1"]
[SourceVersionDate "2005.11.24"]
[SourceQuality "1"]

1. d4 d5 2. c4 c6 3. e3 e6 4. Nc3 Bb4 5. a3 Bxc3+ 6. bxc3 Nf6 7. Nf3 Nbd7 8. Be2 Qc7 9. 0-0 0-0 10. a4 Re8 11. Ba3 e5 12. cxd5 Nxd5 13. Rc1 exd4 14. cxd4 N7f6 15. Ne5 Bf5 16. Qb3 Rad8 17. Rfd1 Qb6 18. Qc4 Be6 19. Qc2 Qa5 20. Nc4 Qc7 21. h3 Ne7 22. e4 Bxc4 23. Bxc4 Qf4 24. e5 Nfd5 25. Rd3 Ng6 26. Bd6 Rd7 27. Bxd5 cxd5 28. Qd2 f6 29. Re3 fxe5 30. dxe5 d4 31. Qa2+ Kh8 32. Ree1 Qg5 33. Qd5 Nf4 34. Qf3 d3 35. Rcd1 h6 36. Kh2 Qf5 37. Re4 Rxd6 38. Qxf4 Qxf4+ 39. Rxf4 Rxe5 40. Rd2 Red5 41. Rb4 b6 42. Rb3 a5 43. Kg3 Rd4 44. Ra3 Rb4 45. Kf3 Rdd4 46. Raxd3 Rxd3+ 47. Rxd3 Rxa4 48. Rb3 Ra1 49. Rxb6 a4 50. Ra6 a3 51. h4 Kh7 52. h5 Kg8 53. Ra7 Kf8 54. g4 a2 55. Kf4 Kg8 56. Kf5 Kf8 57. f3 Rf1 58. Rxa2 Rxf3+ 59. Kg6 Rf6+ 60. Kh7 Rf4 61. Ra8+ Kf7 62. Ra7+ Kf6 63. Rxg7 Ke6 64. Kxh6 Rf8 65. g5 Kf5 66. Kh7 Ra8 67. h6 Rb8 68. g6 Ra8 69. Rf7+ Ke6 70. Rf1 1-0